GASTRO-INTESTINAL PARASITES IN DOMESTIC CHICKEN AT KOUN SATV COMMUNE,TUCK CHHOU DISTRICT,KAMPOT PROVINCE,បរាសិតក្នុងប្រដាប់រំលាយអាហារមាន់នៅ ឃុំកូនសត្វ ស្រុកទឹកឈូ ខេត្តកំពត (Record no. 21662)

000 -LEADER
fixed length control field 00668nam a22001337a 4500
040 ## - CATALOGING SOURCE
Transcribing agency RUA
082 ## - DEWEY DECIMAL CLASSIFICATION NUMBER
Classification number VEM PEN 2021 B1-602 Or.
100 ## - MAIN ENTRY--AUTHOR NAME
Personal name PHEN HANG,ផែន ហាង
245 ## - TITLE STATEMENT
Title GASTRO-INTESTINAL PARASITES IN DOMESTIC CHICKEN AT KOUN SATV COMMUNE,TUCK CHHOU DISTRICT,KAMPOT PROVINCE,បរាសិតក្នុងប្រដាប់រំលាយអាហារមាន់នៅ ឃុំកូនសត្វ ស្រុកទឹកឈូ ខេត្តកំពត
260 ## - PUBLICATION, DISTRIBUTION, ETC. (IMPRINT)
Place of publication phnom penh
Name of publisher rua
Year of publication 2021
300 ## - PHYSICAL DESCRIPTION
Number of Pages x.42p.
Other physical details ill.
Dimensions 29cm.
856 ## - ELECTRONIC LOCATION AND ACCESS
Uniform Resource Identifier https://drive.google.com/file/d/1LvP2OOQVU74_kTFEHRNHOiMaIcQeRuFa/view?usp=sharing
942 ## - ADDED ENTRY ELEMENTS (KOHA)
Koha item type VEM
952 ## - LOCATION AND ITEM INFORMATION (KOHA)
Withdrawn status [LOCAL, KOHA] 0
952 ## - LOCATION AND ITEM INFORMATION (KOHA)
Withdrawn status [LOCAL, KOHA] 0
952 ## - LOCATION AND ITEM INFORMATION (KOHA)
Withdrawn status [LOCAL, KOHA] 0
952 ## - LOCATION AND ITEM INFORMATION (KOHA)
Withdrawn status [LOCAL, KOHA] 0
952 ## - LOCATION AND ITEM INFORMATION (KOHA)
Withdrawn status [LOCAL, KOHA] 0
952 ## - LOCATION AND ITEM INFORMATION (KOHA)
Withdrawn status [LOCAL, KOHA] 0
Holdings
Permanent Location Date acquired Koha item type Lost status Shelving location Barcode Current Location Full call number
Library Block B2023-08-16VEM B1.602a073835Library Block BVEM PEN 2021 B1-602 Or.
Library Block B2023-08-16VEM B1.602a073943Library Block BVEM PEN 2021 B1-602 Or.
Library Block B2023-08-16VEM B1.602a073915Library Block BVEM PEN 2021 B1-602 Or.
Library Block B2023-08-16VEM B1.602a073927Library Block BVEM PEN 2021 B1-602 Or.
Library Block B2023-08-16VEM B1.602a073887Library Block BVEM PEN 2021 B1-602 Or.
Library Block B2023-08-16VEM B1.602a073891Library Block BVEM PEN 2021 B1-602 Or.
មជ្ឈមណ្ឌលឯការនៃសាកលវិទ្យាល័យភូមិន្ទកសិកម្មចំការដូង

Powered by Koha